| 000 | 00441 a2200145 4500 | ||
|---|---|---|---|
| 999 |
_c7144 _d7144 |
||
| 020 | _a8170148944 | ||
| 050 | _aHD 62.15 SHA 2004 | ||
| 100 |
_aSharma, D.D. _eauthor |
||
| 245 |
_aTotal quality management : _bprinciples, practice and cases / _cProf. D.D. Sharma |
||
| 264 |
_aNew Delhi: _bSultan Chand and sons, _c2004. |
||
| 300 | _a780p. : | ||
| 500 | _aReprint 2004 | ||
| 650 | _aTotal quality management | ||
| 942 |
_2lcc _cBK _h62.15 _iSHA _k2004 |
||